| 000 | 00793nam a2200181 a 4500 | ||
|---|---|---|---|
| 001 | 000015540 | ||
| 005 | 20200929164053.0 | ||
| 008 | 100212s2009 dr 000 0 spa d | ||
| 020 | _a9789945404258 | ||
| 040 |
_aDO-SdBNP _bspa _cBNPHU |
||
| 100 | 1 |
_aCasado, Fernando _935078 |
|
| 245 | 1 | 0 |
_aSanto Domingo : _btesoro de la cultura musical antillana, origen de ritmos e instrumentos, comparativo socio-cultural entre La española y Cuba desde los primeros años de la colonización / _cFernando Casado ; revisión de texto José Chez Checo, Javier Cabral Díaz. |
| 260 |
_aSanto Domingo : _bEdiciones de Cultura, _c2009. _fEditorial Búho |
||
| 300 |
_a493 p. : _bil., mus. ; _c27 cm. |
||
| 500 | _aIncluye índice | ||
| 500 | _aIncluye datos biográficos del autor en la solapa | ||
| 049 | _aBNPD | ||
| 999 |
_c15096 _d15096 |
||